| 000 | 01215nam a2200313 c 4500 | ||
|---|---|---|---|
| 003 | BLK | ||
| 005 | 20180420220244.0 | ||
| 008 | 180407b bul|||||r ||||||| ||bul|| | ||
| 010 | _aKNG00031428000 | ||
| 040 | _aBLK | ||
| 041 |
_aBUL _cBUL |
||
| 080 |
_aСчетоводство. Счетоводни системи и операции, водене на сметките, журнал-ордер и др. _b657 _x(038.1) _z657(038.1) |
||
| 100 | 1 |
_aБонев, Живко Бонев _eпърви автор _9248799 |
|
| 139 |
_aБонев, Живко Бонев _bБ 62 |
||
| 245 | 1 | 0 |
_aРечник на счетоводните термини _b1120 термина _cЖивко Бонев Бонев. |
| 257 | _aBGR | ||
| 260 |
_аСофия _bДелова Седмица Консулт _c2000 |
||
| 300 |
_a212 с. _c20 см |
||
| 380 | _a3 | ||
| 500 | _a5 000 тир. | ||
| 650 | 4 |
_aСчетоводство - терминология - речници _9269960 |
|
| 653 | _aсчетоводство | ||
| 653 | _aтерминологични речници | ||
| 852 | _aЦб 204201 | ||
| 856 | 4 |
_qpdf _u |
|
| 856 | 4 |
_qpdf _u |
|
| 942 |
_cKNG _n0 |
||
| 944 |
_aCR _c15.01.2003 _kДиана_Димитрова |
||
| 944 |
_aED _c06.02.2013 _k |
||
| 999 |
_c28828 _d28828 |
||